The iris-feet-physical diagnosis, (Record no. 38886)

MARC details
000 -LEADER
fixed length control field 00572cam a22002051 4500
001 - CONTROL NUMBER
control field med48000428
003 - CONTROL NUMBER IDENTIFIER
control field DLC
005 - DATE AND TIME OF LATEST TRANSACTION
control field 20260227111609.0
008 - FIXED-LENGTH DATA ELEMENTS--GENERAL INFORMATION
fixed length control field 810815s1947 xx 000 0 eng
010 ## - LIBRARY OF CONGRESS CONTROL NUMBER
LC control number med48000428
035 ## - SYSTEM CONTROL NUMBER
System control number (OCoLC)14741645
040 ## - CATALOGING SOURCE
Original cataloging agency DLC
Transcribing agency DNLM
Modifying agency DLC
042 ## - AUTHENTICATION CODE
Authentication code premarc
050 00 - LIBRARY OF CONGRESS CALL NUMBER
Classification number RM702
Item number .C45
060 0# - NATIONAL LIBRARY OF MEDICINE CALL NUMBER
Classification number WB 905
Item number C541i 1947
100 1# - MAIN ENTRY--PERSONAL NAME
Personal name Chirila, Deonisie Daniel,
Dates associated with a name 1883-
245 14 - TITLE STATEMENT
Title The iris-feet-physical diagnosis,
Remainder of title interpreting book aid ...
260 ## - PUBLICATION, DISTRIBUTION, ETC.
Place of publication, distribution, etc. Elkhart, Ind.,
Name of publisher, distributor, etc. Dr. Chirila Health Clinic,
Date of publication, distribution, etc. c1947.
300 ## - PHYSICAL DESCRIPTION
Extent 94 p.

No items available.

Powered by Koha